000 00691nam a2200289Ia 4500
005 20260324112256.0
008 008 260324s9999 xx 000 0 eng d
020 _a9781003376484
037 _aEBOOK
040 _aCRL
040 _beng
040 _cCRL
041 _2eng
041 _aeng
084 _qCRL
100 _aRobert C. Berls
_91142017
245 0 _aTeaching Practical Theatrical 3D Printing
245 0 _bCreating Props for Production
260 _bTaylor and Francis
260 _c2024
365 _a
365 _b230
856 _uhttp://www.taylorfrancis.com/books/9781003376484
942 _cEBOOK
999 _c1731165
_d1731165